[Event "Ostsjaellands EMT 2005"]
[Site "Faxe"]
[Date "2005.05.17"]
[Round "6"]
[White "Gisli, Theodor"]
[Black "Christoffersen, Ib"]
[Result "1-0"]
[WhiteElo "1538"]
[BlackElo "1361"]
[PlyCount "99"]
[EventDate "2005.??.??"]

1. e4 e5 2. Nf3 Nc6 3. Nc3 Bc5 4. Bb5 Nge7 5. O-O d6 6. h3 Bd7 7. d3 h6 8. a3
a6 9. Bc4 Qc8 10. Be3 Bxe3 11. fxe3 Be6 12. Nd5 Qd7 13. b4 Ng6 14. Qe2 Nce7 15.
d4 Nc8 16. dxe5 Nxe5 17. Nxe5 dxe5 18. Rad1 Nd6 19. Bb3 O-O-O 20. c4 Bxd5 21.
exd5 f6 22. a4 Ne4 23. Qc2 f5 24. b5 Nc5 25. bxa6 Nxa6 26. c5 e4 27. c6 Qd6 28.
cxb7+ Kxb7 29. Bc4 Ra8 30. Rb1+ Kc8 31. Rxf5 Nc5 32. Bb5 Rb8 33. Rc1 Rb7 34.
Qxc5 Qxc5 35. Rxc5 Rd8 36. Re5 Kb8 37. Rxe4 Ka7 38. Re7 Kb8 39. Rxg7 Rd6 40. e4
Rf6 41. e5 Rf8 42. Rh7 c6 43. Rxb7+ Kxb7 44. Bxc6+ Kc7 45. Rc4 Kd8 46. a5 Rf7
47. a6 Rc7 48. Ra4 Ra7 49. Bb7 Kd7 50. Rh4 1-0

[Event "Ostsjaellands EMT 2005"]
[Site "Faxe"]
[Date "2005.05.18"]
[Round "7"]
[White "Jensen, Leif"]
[Black "Gisli, Theodor"]
[Result "1-0"]
[WhiteElo "2036"]
[BlackElo "1538"]
[PlyCount "33"]
[EventDate "2005.??.??"]

1. e4 c6 2. Nf3 d5 3. Nc3 dxe4 4. Nxe4 Bf5 5. Ng3 Bg6 6. h4 h6 7. Ne5 Bh7 8.
Qh5 g6 9. Qf3 Nf6 10. Qb3 e6 11. Qxb7 Nbd7 12. Nxc6 Qc8 13. Ba6 Qxb7 14. Bxb7
Rb8 15. Nxb8 Nxb8 16. d4 Be7 17. Bxh6 1-0

[Event "Ostsjaellands EMT 2005"]
[Site "Faxe"]
[Date "2005.05.18"]
[Round "7"]
[White "Lillebro, Verner"]
[Black "Nielsen, Johannes"]
[Result "1-0"]
[WhiteElo "1194"]
[BlackElo "1057"]
[PlyCount "82"]
[EventDate "2005.??.??"]

1. d4 d5 2. Bf4 e6 3. a3 Bd6 4. Bxd6 cxd6 5. Nf3 Nf6 6. Nc3 h6 7. e3 O-O 8. Bd3
a6 9. O-O Re8 10. Ne2 Nc6 11. c4 dxc4 12. Bxc4 b5 13. Bb3 Bb7 14. Qd3 Na5 15.
Bc2 Bxf3 16. gxf3 Nb7 17. Kh1 d5 18. Rg1 e5 19. Rg3 Qd7 20. Rag1 g6 21. Rxg6+
fxg6 22. Qxg6+ Kf8 23. Qxf6+ Qf7 24. Qxh6+ Ke7 25. Rg7 Rh8 26. Rxf7+ Kxf7 27.
Qg6+ Ke7 28. Qg7+ Kd6 29. dxe5+ Kc6 30. Nd4+ Kb6 31. Qf6+ Ka7 32. Nc6+ Kb6 33.
b4 Rhc8 34. Ne7+ Ka7 35. Nxc8+ Rxc8 36. Bf5 Rc1+ 37. Kg2 Rc7 38. e6 Nd6 39. e7
Nxf5 40. e8=Q Nh4+ 41. Qxh4 Rb7 1-0

[Event "Ostsjaellands EMT 2005"]
[Site "Faxe"]
[Date "2005.05.18"]
[Round "7"]
[White "Eriksen, Knud Ejler"]
[Black "Andersen, Hans Poul"]
[Result "0-1"]
[WhiteElo "1131"]
[BlackElo "1400"]
[PlyCount "64"]
[EventDate "2005.??.??"]

1. e4 e5 2. Nf3 Nc6 3. Bc4 d6 4. h3 h6 5. d3 Be7 6. Be3 Nf6 7. Nc3 a6 8. a3 O-O
9. O-O b5 10. Ba2 Bd7 11. b4 Be6 12. Qd2 Nh7 13. Ne2 Bxa2 14. Rxa2 Ng5 15. Nxg5
Bxg5 16. Bxg5 Qxg5 17. Qxg5 hxg5 18. Ng3 g6 19. Raa1 Nd4 20. Rac1 Kg7 21. c3
Ne6 22. Ne2 f5 23. f3 f4 24. Kf2 c5 25. Rfd1 Rfc8 26. Kf1 a5 27. Kf2 axb4 28.
axb4 Ra2 29. Rb1 cxb4 30. cxb4 Rcc2 31. Rf1 Rxe2+ 32. Kg1 Rxg2+ 0-1

[Event "Ostsjaellands EMT 2005"]
[Site "Faxe"]
[Date "2005.05.18"]
[Round "7"]
[White "Refsgaard, Kaj"]
[Black "Andersen, Bjarne Hjorth"]
[Result "0-1"]
[WhiteElo "1634"]
[BlackElo "1789"]
[PlyCount "84"]
[EventDate "2005.??.??"]

1. d4 Nf6 2. Bg5 e6 3. e3 c5 4. c3 cxd4 5. exd4 d5 6. Bd3 Nc6 7. Nf3 h6 8. Bh4
Be7 9. O-O Bd7 10. Nbd2 Rc8 11. Rc1 a6 12. Bb1 Na5 13. Re1 b5 14. a3 Nc4 15.
Nxc4 bxc4 16. Ne5 Rb8 17. Re2 Rb7 18. Qc2 Qa5 19. Nxd7 Kxd7 20. Qd1 Rhb8 21.
Bxf6 gxf6 22. Rec2 Rxb2 23. Rxb2 Rxb2 24. Bc2 Bxa3 25. Ba4+ Ke7 26. g3 Rb8 27.
Ra1 Qxc3 28. Ra2 Rb2 29. Rxb2 Bxb2 30. Kg2 Qxd4 31. Qh5 Qe4+ 32. Kh3 Qf5+ 33.
Qxf5 exf5 34. Kg2 d4 35. Kf3 Ke6 36. Ke2 Ke5 37. f4+ Kd5 38. Be8 d3+ 39. Ke3
Bc1+ 40. Kf2 Kd4 41. Bxf7 c3 42. Bb3 Bd2 0-1

[Event "Ostsjaellands EMT 2005"]
[Site "Faxe"]
[Date "2005.05.18"]
[Round "7"]
[White "Toftvang, Ove"]
[Black "Eckert, Svend"]
[Result "0-1"]
[WhiteElo "1329"]
[BlackElo "1623"]
[PlyCount "64"]
[EventDate "2005.??.??"]

1. e4 c5 2. Nf3 d6 3. Be2 g6 4. c3 Bg7 5. O-O Nf6 6. d3 O-O 7. h3 b5 8. Nh2 Bb7
9. f3 Nc6 10. f4 a6 11. f5 c4 12. h4 cxd3 13. Bxd3 Ne5 14. Bc2 Nxe4 15. Be3 Nc4
16. fxg6 Nxe3 17. gxh7+ Kh8 18. Qe2 Nxc2 19. Qxc2 Qb6+ 20. Rf2 Nxf2 21. Qxf2
Qxf2+ 22. Kxf2 Kxh7 23. Nd2 b4 24. g4 bxc3 25. bxc3 Bxc3 26. Rd1 Bxd2 27. Rxd2
Rac8 28. g5 f6 29. Kg3 fxg5 30. hxg5 Rc3+ 31. Kg4 Kg6 32. Rd4 Bc8+ 0-1

[Event "Ostsjaellands EMT 2005"]
[Site "Faxe"]
[Date "2005.05.18"]
[Round "7"]
[White "Christoffersen, Per"]
[Black "Jensen, Herman"]
[Result "1/2-1/2"]
[WhiteElo "1495"]
[BlackElo "1650"]
[PlyCount "47"]
[EventDate "2005.??.??"]

1. d4 Nf6 2. Nf3 g6 3. c4 Bg7 4. Nc3 d6 5. e4 O-O 6. Be2 Nbd7 7. O-O Re8 8. Qc2
e5 9. d5 a5 10. Be3 Ng4 11. Bg5 f6 12. Bh4 Nc5 13. h3 Nh6 14. Nd2 Bd7 15. f3
Qc8 16. Kh2 f5 17. Bf2 b6 18. Nb5 Bf6 19. a4 Kg7 20. Nb3 Na6 21. Qd2 Qd8 22.
Be3 f4 23. Bf2 Bg5 24. Qd1 1/2-1/2

[Event "Ostsjaellands EMT 2005"]
[Site "Faxe"]
[Date "2005.05.18"]
[Round "7"]
[White "Wehlast, Svend Erik"]
[Black "Nielsen, Rickard Hjorth"]
[Result "1/2-1/2"]
[WhiteElo "1479"]
[BlackElo "1372"]
[PlyCount "95"]
[EventDate "2005.??.??"]

1. d4 Nf6 2. Nf3 g6 3. b3 Bg7 4. Bb2 d6 5. e3 O-O 6. Nbd2 b6 7. h3 Bb7 8. Be2
Nbd7 9. O-O c5 10. c3 Rc8 11. Rc1 e5 12. dxe5 Nxe5 13. Nxe5 dxe5 14. c4 Re8 15.
Nf3 Qc7 16. Nh2 Rcd8 17. Qe1 Qc6 18. f3 e4 19. f4 Rd7 20. Bc3 Red8 21. Rd1 Rxd1
22. Bxd1 a6 23. Be2 b5 24. g4 b4 25. Bxf6 Bxf6 26. g5 Bc3 27. Qg3 Rd2 28. Rf2
Rxa2 29. Ng4 Be1 30. Nf6+ Kf8 31. Nxh7+ Ke7 32. Nf6 Bxf2+ 33. Kxf2 Qd6 34. Qg4
Rxe2+ 35. Kxe2 Qd3+ 36. Kf2 Qd2+ 37. Kf1 Qd3+ 38. Kf2 Qd2+ 39. Qe2 Qxe2+ 40.
Kxe2 Bc6 41. Kd2 a5 42. Kc1 Kd6 43. h4 Ke6 44. h5 gxh5 45. Nxh5 Kf5 46. Nf6 a4
47. Ng8 Ke6 48. Kb2 1/2-1/2

[Event "Ostsjaellands EMT 2005"]
[Site "Faxe"]
[Date "2005.05.18"]
[Round "7"]
[White "Christoffersen, Ib"]
[Black "Hansen, Arne Mandrup"]
[Result "1-0"]
[WhiteElo "1361"]
[BlackElo "1296"]
[PlyCount "87"]
[EventDate "2005.??.??"]

1. d4 Nf6 2. c4 e6 3. Bg5 b6 4. e3 Bb7 5. Nf3 c5 6. Be2 Be7 7. O-O cxd4 8. exd4
Ne4 9. Bxe7 Qxe7 10. Bd3 O-O 11. Qc2 f5 12. Nc3 d5 13. Rfe1 Qf6 14. Ne5 Qh6 15.
Re3 Nxc3 16. bxc3 Na6 17. Rh3 Qg5 18. Nf3 Qf6 19. Re1 Nc7 20. Re3 dxc4 21. Bxc4
Nd5 22. Bxd5 Bxd5 23. Ne5 g5 24. Reg3 Be4 25. Qd2 f4 26. Nd7 Qf5 27. Rh5 h6 28.
Rgh3 Qg4 29. f3 Bxf3 30. Rxh6 Be4 31. Rh8+ Kg7 32. R8h6 Rh8 33. Ne5 Qxg2+ 34.
Qxg2 Bxg2 35. Rxh8 Rxh8 36. Rxh8 Kxh8 37. Kxg2 Kg7 38. Kf3 Kf6 39. Kg4 b5 40.
Nf3 a5 41. Nxg5 e5 42. d5 f3 43. Ne4+ Ke7 44. Kxf3 1-0